| 000 | 00440nam a2200169Ia 4500 | ||
|---|---|---|---|
| 003 | GCL | ||
| 008 | 140319s9999 xx 000 0 eng d | ||
| 040 |
_aGCL / _cGCL |
||
| 082 | 0 | 4 |
_a658.404 _bG S |
| 100 | 1 | _aGRIFFITH,ALAN | |
| 245 | 1 | 0 |
_aSMALL BUILDING WORKS MANAGMENT / _cGRIFFITH,ALAN |
| 260 |
_a[S.N] : _bTHE MACMILLAN PRESS ، _c1992 |
||
| 300 | _a212 P | ||
| 650 | 0 | 4 | _aMANAGEMENT |
| 650 | 0 | 4 | _aINDUSTRIAL PROJECT |
| 942 |
_2ddc _cBK |
||
| 999 |
_c16704 _d16704 |
||